[Event "EU-ch (Men) 11th"]
[Site "Rijeka"]
[Date "2010.03.09"]
[Round "4.83"]
[White "Bosiocic, Marin"]
[Black "Firat, Burak"]
[Result "1-0"]
[WhiteElo "2577"]
[BlackElo "2398"]
[PlyCount "63"]
[EventDate "2010.03.06"]
[EventType "swiss"]
[EventRounds "11"]
[EventCountry "CRO"]
[SourceDate "2010.03.06"]

1. d4 d5 2. Bf4 Nf6 3. e3 c5 4. Nc3 e6 5. Nb5 Na6 6. c3 Be7 7. h3 O-O 8. Nf3
Qb6 9. a4 Bd7 10. dxc5 Qxc5 11. Nfd4 Rfd8 12. Be2 Be8 13. O-O Bf8 14. Be5 Nd7
15. b4 Qe7 16. Bd6 Qf6 17. f4 Qh6 18. Bd3 Nf6 19. Bxf8 Kxf8 20. Qf3 Kg8 21. Ra2
Rd7 22. g4 Ne4 23. Kh2 Nd6 24. g5 Qh4 25. Rg2 Ne4 26. Bxe4 dxe4 27. Qxe4 Nb8
28. Rg4 Qh5 29. f5 Nc6 30. Rh4 Qxg5 31. fxe6 Rxd4 32. cxd4 1-0

[Event "EU-ch (Men) 11th"]
[Site "Rijeka"]
[Date "2010.03.09"]
[Round "4.84"]
[White "Reinderman, Dimitri"]
[Black "Onoprienko, Vladimir"]
[Result "1-0"]
[WhiteElo "2576"]
[BlackElo "2346"]
[PlyCount "55"]
[EventDate "2010.03.06"]
[EventType "swiss"]
[EventRounds "11"]
[EventCountry "CRO"]
[SourceDate "2010.03.06"]

1. c4 Nf6 2. Nc3 e5 3. Nf3 Nc6 4. g3 Nd4 5. Bg2 Nxf3+ 6. Bxf3 Be7 7. O-O O-O 8.
d4 d6 9. Bg2 c6 10. b3 Qb6 11. e3 Bg4 12. Qd3 Rad8 13. h3 Bc8 14. Bb2 Rfe8 15.
Rad1 Bf8 16. Rd2 g6 17. Rfd1 e4 18. Nxe4 Nxe4 19. Bxe4 d5 20. Bg2 Bb4 21. Re2
Bf5 22. e4 dxe4 23. Bxe4 Bxh3 24. c5 Qc7 25. d5 f6 26. Qd4 Bxc5 27. Qxf6 Qxg3+
28. Kh1 1-0

[Event "EU-ch (Men) 11th"]
[Site "Rijeka"]
[Date "2010.03.09"]
[Round "4.85"]
[White "Morchiashvili, Bachana"]
[Black "Yemelin, Vasily"]
[Result "1/2-1/2"]
[WhiteElo "2345"]
[BlackElo "2576"]
[PlyCount "47"]
[EventDate "2010.03.06"]
[EventType "swiss"]
[EventRounds "11"]
[EventCountry "CRO"]
[SourceDate "2010.03.06"]

1. d4 Nf6 2. c4 e6 3. Nf3 b6 4. Nc3 Bb7 5. e3 d5 6. cxd5 exd5 7. Bb5+ c6 8. Bd3
Nbd7 9. O-O Bd6 10. e4 dxe4 11. Nxe4 Nxe4 12. Bxe4 O-O 13. Bg5 Be7 14. Bxe7
Qxe7 15. Re1 Qd6 16. Ne5 Nf6 17. Bf3 Rfe8 18. Rc1 Nd5 19. Be4 Re7 20. Qc2 Nf6
21. Bf3 Qxd4 22. Nxc6 Rxe1+ 23. Rxe1 Bxc6 24. Qxc6 1/2-1/2

[Event "EU-ch (Men) 11th"]
[Site "Rijeka"]
[Date "2010.03.09"]
[Round "4.90"]
[White "Laznicka, Viktor"]
[Black "Rasulov, Vugar"]
[Result "1-0"]
[WhiteElo "2659"]
[BlackElo "2457"]
[PlyCount "93"]
[EventDate "2010.03.06"]
[EventType "swiss"]
[EventRounds "11"]
[EventCountry "CRO"]
[SourceDate "2010.03.06"]

1. Nf3 c5 2. c4 Nc6 3. g3 g6 4. d4 cxd4 5. Nxd4 Bg7 6. Nc2 Nf6 7. Bg2 O-O 8.
O-O d6 9. Nc3 Bd7 10. b3 Qc8 11. e4 Bh3 12. Qe2 Rd8 13. Rd1 Bxg2 14. Kxg2 e6
15. Ba3 Ne8 16. Bb2 b6 17. Ne3 Qb7 18. Rd2 Ne7 19. f3 Rd7 20. Rad1 Rad8 21. Kg1
a6 22. a4 Nc7 23. f4 Qc6 24. Rd3 Ne8 25. Ng4 h5 26. Nf2 Nf6 27. Ba3 Nc8 28. h3
Na7 29. Qf3 Ne8 30. Qg2 b5 31. e5 bxc4 32. Qxc6 Nxc6 33. bxc4 Na5 34. Bxd6 Nxc4
35. Be7 Rxd3 36. Rxd3 Rxd3 37. Nxd3 Bf8 38. Bd8 Nd2 39. Kf2 Kg7 40. Ke2 Nb3 41.
Bb6 g5 42. fxg5 Kg6 43. Kd1 Ba3 44. Nb1 Be7 45. Kc2 Na1+ 46. Kb2 Kf5 47. Nc3
1-0

[Event "EU-ch (Men) 11th"]
[Site "Rijeka"]
[Date "2010.03.09"]
[Round "4.91"]
[White "Miron, Lucian Costin"]
[Black "Pashikian, Arman"]
[Result "1/2-1/2"]
[WhiteElo "2482"]
[BlackElo "2652"]
[PlyCount "32"]
[EventDate "2010.03.06"]
[EventType "swiss"]
[EventRounds "11"]
[EventCountry "CRO"]
[SourceDate "2010.03.06"]

1. d4 d5 2. c4 c6 3. Nf3 Nf6 4. e3 Bg4 5. Nc3 e6 6. Qb3 Qb6 7. Nh4 Bh5 8. h3
Be7 9. g4 Bg6 10. Nxg6 hxg6 11. Bg2 Na6 12. Bd2 Nd7 13. O-O O-O 14. c5 Qxb3 15.
axb3 Nc7 16. f4 f5 1/2-1/2

[Event "EU-ch (Men) 11th"]
[Site "Rijeka"]
[Date "2010.03.09"]
[Round "4.93"]
[White "Petrosian, Davit G"]
[Black "Bartel, Mateusz"]
[Result "1-0"]
[WhiteElo "2468"]
[BlackElo "2634"]
[PlyCount "65"]
[EventDate "2010.03.06"]
[EventType "swiss"]
[EventRounds "11"]
[EventCountry "CRO"]
[SourceDate "2010.03.06"]

1. e4 e5 2. Nf3 Nc6 3. d4 exd4 4. Nxd4 Nf6 5. Nc3 Bb4 6. Nxc6 bxc6 7. Bd3 d6 8.
Bg5 Qe7 9. O-O h6 10. Bh4 g5 11. Bg3 Ng4 12. Bb5 cxb5 13. Nd5 Qxe4 14. c3 Be6
15. Re1 Qf5 16. Nxc7+ Ke7 17. cxb4 Rad8 18. Qd4 Nf6 19. Rad1 Kf8 20. Qxa7 Ne8
21. Bxd6+ Rxd6 22. Rxd6 Nxd6 23. Qd4 Kg8 24. Nxe6 fxe6 25. Qxd6 Kf7 26. Qd7+
Kf6 27. Qd4+ e5 28. Qb6+ Qe6 29. Qxb5 Rd8 30. Qe2 Rd4 31. b5 e4 32. Qe3 Rd3 33.
Qxd3 1-0

[Event "EU-ch (Men) 11th"]
[Site "Rijeka"]
[Date "2010.03.09"]
[Round "4.94"]
[White "Boskovic, Drasko"]
[Black "Mamedov, Nidjat"]
[Result "0-1"]
[WhiteElo "2434"]
[BlackElo "2623"]
[PlyCount "79"]
[EventDate "2010.03.06"]
[EventType "swiss"]
[EventRounds "11"]
[EventCountry "CRO"]
[SourceDate "2010.03.06"]

1. d4 Nf6 2. Bg5 e6 3. e3 h6 4. Bxf6 Qxf6 5. f4 c5 6. c3 Nc6 7. Nd2 cxd4 8.
cxd4 b6 9. a3 Bb7 10. Nh3 g5 11. Bd3 gxf4 12. O-O O-O-O 13. Nxf4 Qe7 14. Qe2
Kb8 15. Ba6 Ba8 16. a4 e5 17. dxe5 Qxe5 18. Nc4 Qg5 19. a5 Bc5 20. axb6 axb6
21. h4 Qg3 22. Rf3 Qxh4 23. Nxb6 Nd4 24. exd4 Bxd4+ 25. Re3 Qxf4 26. Nd5 Bxe3+
27. Nxe3 Bc6 28. Bb5 Rhe8 29. Ra3 Bb7 30. Qd2 Rc8 31. Rb3 Rc7 32. Ba6 Re6 33.
Bxb7 Rxb7 34. Rxb7+ Kxb7 35. Qxd7+ Qc7 36. Qb5+ Qb6 37. Qxb6+ Kxb6 38. Kf2 Kc5
39. Kf3 Kd4 40. Kf4 0-1

[Event "EU-ch (Men) 11th"]
[Site "Rijeka"]
[Date "2010.03.09"]
[Round "4.95"]
[White "Balogh, Csaba"]
[Black "Azaladze, Shota"]
[Result "1-0"]
[WhiteElo "2622"]
[BlackElo "2433"]
[PlyCount "83"]
[EventDate "2010.03.06"]
[EventType "swiss"]
[EventRounds "11"]
[EventCountry "CRO"]
[SourceDate "2010.03.06"]

1. e4 g6 2. d4 Bg7 3. Nc3 c6 4. f4 d5 5. e5 Nh6 6. Nf3 Bg4 7. h3 Bxf3 8. Qxf3
f6 9. g4 Qb6 10. e6 f5 11. g5 Ng8 12. b3 Qxd4 13. Bd2 a5 14. Rd1 Qc5 15. Na4
Qd6 16. Bc3 Bxc3+ 17. Qxc3 Qb4 18. Rd4 Qxc3+ 19. Nxc3 Kd8 20. Kf2 Kc7 21. Bd3
h6 22. h4 b5 23. Re1 Na6 24. a4 b4 25. Bxa6 bxc3 26. Bf1 hxg5 27. fxg5 Kd6 28.
Kg3 Rb8 29. Re3 c5 30. Rf4 Rb4 31. Rxb4 cxb4 32. Re1 Kc5 33. Bb5 Kd6 34. Be8
Nf6 35. gxf6 Rxe8 36. f7 Rc8 37. Kf4 d4 38. Kg5 d3 39. cxd3 f4 40. Kxg6 c2 41.
Kg7 f3 42. f8=Q 1-0

[Event "EU-ch (Men) 11th"]
[Site "Rijeka"]
[Date "2010.03.09"]
[Round "4.96"]
[White "Edouard, Romain"]
[Black "Zueger, Beat"]
[Result "1-0"]
[WhiteElo "2617"]
[BlackElo "2425"]
[PlyCount "103"]
[EventDate "2010.03.06"]
[EventType "swiss"]
[EventRounds "11"]
[EventCountry "CRO"]
[SourceDate "2010.03.06"]

1. Nf3 Nf6 2. c4 g6 3. Nc3 Bg7 4. e4 d6 5. d4 Bg4 6. Be2 Nfd7 7. Be3 O-O 8. d5
Na6 9. Nd4 Bxe2 10. Qxe2 Nac5 11. h4 Nf6 12. f3 Nh5 13. Qd2 e5 14. dxe6 fxe6
15. O-O-O e5 16. Nde2 Ne6 17. Qd5 Qc8 18. c5 dxc5 19. Bxc5 Rf7 20. Be3 c6 21.
Qb3 Bf8 22. Kb1 b5 23. Rhf1 a5 24. g4 a4 25. Qc2 Nf6 26. Ng3 Qa6 27. g5 Ne8 28.
Nce2 b4 29. Qd3 Qxd3+ 30. Rxd3 c5 31. f4 c4 32. Rdd1 exf4 33. Nxf4 Nxf4 34.
Bxf4 a3 35. bxa3 Rxa3 36. Ne2 b3 37. axb3 Rxb3+ 38. Kc2 Ra7 39. Nc1 Rbb7 40.
Rd4 Bg7 41. Rxc4 Rb2+ 42. Kd1 Rd7+ 43. Ke1 Bf8 44. Rf2 Rb4 45. Rxb4 Bxb4+ 46.
Ke2 Nd6 47. Kf3 Re7 48. Rb2 Ba3 49. Rb8+ Kf7 50. Nd3 Rxe4 51. Ra8 Rd4 52. Rxa3
1-0

[Event "EU-ch (Men) 11th"]
[Site "Rijeka"]
[Date "2010.03.09"]
[Round "4.97"]
[White "Andriasian, Zaven"]
[Black "Bodiroga, Predrag"]
[Result "1/2-1/2"]
[WhiteElo "2609"]
[BlackElo "2422"]
[PlyCount "204"]
[EventDate "2010.03.06"]
[EventType "swiss"]
[EventRounds "11"]
[EventCountry "CRO"]
[SourceDate "2010.03.06"]

1. e4 d5 2. exd5 Qxd5 3. Nc3 Qd6 4. d4 Nf6 5. Nf3 g6 6. g3 Bg7 7. Bg2 Qa6 8.
Bf4 c6 9. Qd2 O-O 10. Bh6 Bf5 11. Bxg7 Kxg7 12. Nh4 Be6 13. f4 Nbd7 14. f5 Bc4
15. g4 Rae8 16. g5 Nd5 17. Ne4 Nc7 18. b3 Bd5 19. c4 Bxe4 20. Bxe4 b5 21. c5 e5
22. O-O Kg8 23. Rae1 Nd5 24. b4 exd4 25. Bxd5 cxd5 26. Nf3 Re4 27. Rxe4 dxe4
28. Nxd4 Ne5 29. Qf4 Nf3+ 30. Nxf3 exf3 31. Rxf3 Qxa2 32. f6 Qd5 33. Qe3 Rd8
34. Rf1 h6 35. gxh6 Kh7 36. Rc1 Rc8 37. Qf4 Re8 38. Rf1 Re4 39. Qf3 Qd4+ 40.
Kh1 Qxb4 41. Rd1 Re1+ 42. Rxe1 Qxe1+ 43. Kg2 Qd2+ 44. Qf2 Qd5+ 45. Kg3 b4 46.
Qe3 b3 47. Qc3 Qb7 48. c6 Qc7+ 49. Kg4 b2 50. Qxb2 Qxc6 51. Qa2 Qd7+ 52. Kg3
Qc7+ 53. Kg4 Qb7 54. h4 a6 55. Qf2 Qe4+ 56. Kg3 Qe5+ 57. Kg2 Qd5+ 58. Kg3 a5
59. Qa7 Qe5+ 60. Kg4 Qe6+ 61. Kg3 Qb3+ 62. Kg4 a4 63. Qe7 Qd5 64. Kg3 Qc4 65.
Kh3 Qb3+ 66. Kg4 a3 67. Qf8 Qe6+ 68. Kg3 Qxf6 69. Qxa3 Kxh6 70. Qc5 Qf1 71.
Qf8+ Kh7 72. Qe7 Qg1+ 73. Kf3 Qf1+ 74. Kg3 Kg7 75. Qe5+ Qf6 76. Qc5 Kh7 77. Qf8
Qe5+ 78. Kf3 Qe6 79. Kg3 Qe3+ 80. Kg2 Qf4 81. Kh3 Qe3+ 82. Kg2 Qe6 83. Kg3 f5
84. Qc5 Qe1+ 85. Kh3 Qf1+ 86. Kg3 Qd3+ 87. Kf2 Qe4 88. Qc7+ Kh6 89. Qc1+ f4 90.
Qc8 Qe3+ 91. Kf1 Kh5 92. Qd8 Qe5 93. Qd3 Qf6 94. Qd5+ Kxh4 95. Kf2 Qb6+ 96. Kg2
Qe3 97. Qd8+ Kh5 98. Qh8+ Kg5 99. Qd8+ Kf5 100. Qf8+ Kg5 101. Qd8+ Kg4 102.
Qd7+ Kg5 1/2-1/2

[Event "EU-ch (Men) 11th"]
[Site "Rijeka"]
[Date "2010.03.09"]
[Round "4.98"]
[White "Caspi, Israel"]
[Black "Guseinov, Gadir"]
[Result "1-0"]
[WhiteElo "2426"]
[BlackElo "2609"]
[PlyCount "103"]
[EventDate "2010.03.06"]
[EventType "swiss"]
[EventRounds "11"]
[EventCountry "CRO"]
[SourceDate "2010.03.06"]

1. e4 c5 2. Nf3 Nc6 3. d4 cxd4 4. Nxd4 g6 5. Nc3 Bg7 6. Be3 Nf6 7. Bc4 O-O 8.
Bb3 a5 9. O-O d6 10. Ndb5 Bd7 11. Qe2 Ng4 12. Bg5 h6 13. Bd2 Nb4 14. a3 Na6 15.
h3 Nf6 16. Be3 Bc6 17. Rfe1 Nd7 18. Rad1 Nac5 19. Bc4 Qc8 20. Bc1 Nb6 21. Ba2
Nca4 22. Nd5 Bxd5 23. exd5 Nxb2 24. Bxb2 Bxb2 25. c3 Na4 26. Rd4 Bxc3 27. Rc4
Bxe1 28. Rxc8 Bxf2+ 29. Qxf2 Raxc8 30. Qh4 Nc3 31. Bc4 Nxb5 32. Bxb5 Rc7 33.
Qxh6 Rc5 34. Bd3 Rc3 35. Be4 Rxa3 36. h4 Ra1+ 37. Kh2 Re1 38. h5 Rxe4 39. hxg6
fxg6 40. Qxg6+ Kh8 41. Qxe4 Rf7 42. Qb1 Kg7 43. Qxb7 e6 44. Qb2+ Kg6 45. dxe6
Re7 46. Qa3 Rxe6 47. Qxa5 Kf6 48. Qd5 Ke7 49. g4 Re5 50. Qd4 Ke6 51. Kg3 d5 52.
Qb6+ 1-0

[Event "EU-ch (Men) 11th"]
[Site "Rijeka"]
[Date "2010.03.09"]
[Round "4.99"]
[White "Romanov, Evgeny"]
[Black "Petre, Nad Titus"]
[Result "1-0"]
[WhiteElo "2600"]
[BlackElo "2410"]
[PlyCount "69"]
[EventDate "2010.03.06"]
[EventType "swiss"]
[EventRounds "11"]
[EventCountry "CRO"]
[SourceDate "2010.03.06"]

1. d4 Nf6 2. c4 e6 3. Nf3 Bb4+ 4. Bd2 Qe7 5. g3 Nc6 6. Nc3 O-O 7. Bg2 d6 8. d5
Ne5 9. Nxe5 dxe5 10. O-O exd5 11. cxd5 Bg4 12. h3 Bf5 13. Qb3 h6 14. a3 Bd6 15.
e4 Bd7 16. Rac1 Rfc8 17. Be3 Be8 18. Nb5 a6 19. Nxd6 cxd6 20. Qb4 Nh7 21. h4 b5
22. Qa5 Qb7 23. Bd2 Rxc1 24. Rxc1 Rc8 25. Rxc8 Qxc8 26. Qb6 Qc2 27. Bc3 b4 28.
Bxb4 Qb1+ 29. Kh2 Qxb2 30. Qb8 Nf6 31. f3 a5 32. Bxd6 Qxb8 33. Bxb8 Nd7 34. Bc7
a4 35. Bf1 1-0

[Event "EU-ch (Men) 11th"]
[Site "Rijeka"]
[Date "2010.03.09"]
[Round "4.100"]
[White "Malakhov, Igor"]
[Black "Buhmann, Rainer"]
[Result "0-1"]
[WhiteElo "2425"]
[BlackElo "2587"]
[PlyCount "120"]
[EventDate "2010.03.06"]
[EventType "swiss"]
[EventRounds "11"]
[EventCountry "CRO"]
[SourceDate "2010.03.06"]

1. e4 e5 2. Nf3 Nc6 3. Bc4 Nf6 4. d3 Be7 5. O-O O-O 6. Re1 d6 7. a3 h6 8. Nbd2
Nh7 9. Nf1 Ng5 10. Nxg5 Bxg5 11. c3 Kh8 12. d4 f5 13. exf5 Bxf5 14. Ng3 Bh7 15.
d5 Nb8 16. Bd3 Bxd3 17. Qxd3 Nd7 18. Bxg5 Qxg5 19. Qb5 Nc5 20. b4 a6 21. Qe2
Nd7 22. c4 Rf4 23. Ne4 Qg6 24. c5 Nf6 25. Nxf6 Qxf6 26. c6 b6 27. Rad1 a5 28.
g3 Qg6 29. Kh1 Rff8 30. Rf1 axb4 31. axb4 Ra4 32. Qc4 Qh5 33. Kg1 Qf3 34. Rd2
Ra3 35. Re1 g5 36. h4 Kg7 37. Rc1 Rfa8 38. Rdc2 Rd3 39. Rc3 Rxc3 40. Rxc3 Ra1+
41. Rc1 Rxc1+ 42. Qxc1 gxh4 43. gxh4 Qxd5 44. Qa3 Qd1+ 45. Kh2 Qg4 46. b5 Qxh4+
47. Kg1 Qg4+ 48. Kh2 Qf4+ 49. Kg1 e4 50. Qa7 d5 51. Qa1+ Qf6 52. Qa7 Qd8 53.
Kf1 Kf6 54. Ke2 Ke5 55. Qa3 Qf6 56. Ke1 d4 57. Qh3 Kd5 58. Qd7+ Qd6 59. Kd1 Kc5
60. Kc2 Qe5 0-1

[Event "EU-ch (Men) 11th"]
[Site "Rijeka"]
[Date "2010.03.09"]
[Round "4.101"]
[White "Gagunashvili, Merab"]
[Black "Zavgorodniy, Sergiy"]
[Result "1/2-1/2"]
[WhiteElo "2582"]
[BlackElo "2409"]
[PlyCount "59"]
[EventDate "2010.03.06"]
[EventType "swiss"]
[EventRounds "11"]
[EventCountry "CRO"]
[SourceDate "2010.03.06"]

1. Nf3 Nf6 2. c4 d6 3. d4 Nbd7 4. Nc3 c6 5. Qc2 Qc7 6. Bg5 h6 7. Bh4 g5 8. Bg3
Nh5 9. e3 Bg7 10. Be2 Ndf6 11. O-O-O Bd7 12. Kb1 O-O-O 13. c5 Nxg3 14. cxd6
exd6 15. hxg3 Ng4 16. Bd3 Kb8 17. Rd2 Rhf8 18. Bf5 Qc8 19. Bxd7 Qxd7 20. Ne1 f5
21. Nd3 Rde8 22. Rc1 h5 23. Qa4 Re7 24. Rdc2 h4 25. gxh4 f4 26. exf4 gxh4 27.
d5 Qf5 28. dxc6 Qxd3 29. c7+ Ka8 30. Nd5 1/2-1/2

[Event "EU-ch (Men) 11th"]
[Site "Rijeka"]
[Date "2010.03.09"]
[Round "4.102"]
[White "Ris, Robert"]
[Black "Arutinian, David"]
[Result "0-1"]
[WhiteElo "2422"]
[BlackElo "2576"]
[PlyCount "60"]
[EventDate "2010.03.06"]
[EventType "swiss"]
[EventRounds "11"]
[EventCountry "CRO"]
[SourceDate "2010.03.06"]

1. d4 Nf6 2. c4 e6 3. Nf3 b6 4. g3 Bb4+ 5. Bd2 c5 6. Bxb4 cxb4 7. Bg2 Bb7 8. a3
Qc7 9. Nbd2 Nc6 10. O-O bxa3 11. Rxa3 Nb4 12. Qb1 d6 13. d5 e5 14. Nh4 O-O 15.
f4 Rfe8 16. e4 b5 17. cxb5 Nc2 18. Rc3 Qb6+ 19. Kh1 Ne3 20. Rf3 Nxg2 21. Kxg2
exf4 22. Nc4 Qd8 23. Rxf4 Rxe4 24. Rxe4 Bxd5 25. Nd2 Nxe4 26. Nxe4 Qe7 27. Re3
Re8 28. Kf3 Qf6+ 29. Ke2 Bc4+ 30. Kd2 Qd4+ 0-1

[Event "EU-ch (Men) 11th"]
[Site "Rijeka"]
[Date "2010.03.09"]
[Round "4.103"]
[White "Schroll, Gerhard"]
[Black "Stefansson, Hannes"]
[Result "1/2-1/2"]
[WhiteElo "2411"]
[BlackElo "2574"]
[PlyCount "53"]
[EventDate "2010.03.06"]
[EventType "swiss"]
[EventRounds "11"]
[EventCountry "CRO"]
[SourceDate "2010.03.06"]

1. d4 Nf6 2. Nf3 e6 3. c4 b6 4. Bf4 Bb7 5. e3 Be7 6. h3 c5 7. dxc5 bxc5 8. Nc3
O-O 9. Be2 d6 10. O-O Ne4 11. Nxe4 Bxe4 12. Nd2 Bb7 13. Bf3 Qb6 14. Bxb7 Qxb7
15. Qb3 Qxb3 16. axb3 Nc6 17. Rfd1 e5 18. Bg3 f5 19. f3 Rfb8 20. Ra4 Kf7 21.
Kf1 Ke6 22. Ke2 Rb4 23. Rxb4 Nxb4 24. Ra1 Nc6 25. Be1 Bd8 26. Ra6 Kd7 27. Ra3
1/2-1/2

[Event "EU-ch (Men) 11th"]
[Site "Rijeka"]
[Date "2010.03.09"]
[Round "4.104"]
[White "Sulskis, Sarunas"]
[Black "Sale, Srdjan"]
[Result "1-0"]
[WhiteElo "2572"]
[BlackElo "2396"]
[PlyCount "83"]
[EventDate "2010.03.06"]
[EventType "swiss"]
[EventRounds "11"]
[EventCountry "CRO"]
[SourceDate "2010.03.06"]

1. e4 c5 2. Nf3 e6 3. d4 cxd4 4. Nxd4 Bc5 5. Nc3 Qb6 6. Be3 Nc6 7. Na4 Qa5+ 8.
Nc3 Qb6 9. Na4 Qa5+ 10. c3 Bxd4 11. b4 Bxc3+ 12. Nxc3 Qxb4 13. Qd2 Nf6 14. Rb1
Qe7 15. Bb5 O-O 16. O-O d6 17. Rfd1 Ne8 18. Bxc6 bxc6 19. e5 d5 20. Na4 f6 21.
Bc5 Qc7 22. Bxf8 Kxf8 23. Qc2 fxe5 24. Qxh7 Nf6 25. Qh8+ Kf7 26. Nc5 e4 27. Rb3
Qd6 28. Nb7 Qf8 29. Nd8+ Ke8 30. Qxf8+ Kxf8 31. Nxc6 Bd7 32. Rc1 Ne8 33. Ne5
Bc8 34. f3 exf3 35. Rxf3+ Ke7 36. Rc6 Nf6 37. Rg3 Ne8 38. Rg6 Rb8 39. h4 Rb1+
40. Kh2 Kd8 41. h5 Rb4 42. Rcxe6 1-0

[Event "EU-ch (Men) 11th"]
[Site "Rijeka"]
[Date "2010.03.09"]
[Round "4.105"]
[White "Lekic, Dusan"]
[Black "Ruck, Robert"]
[Result "1/2-1/2"]
[WhiteElo "2396"]
[BlackElo "2570"]
[PlyCount "49"]
[EventDate "2010.03.06"]
[EventType "swiss"]
[EventRounds "11"]
[EventCountry "CRO"]
[SourceDate "2010.03.06"]

1. d4 Nf6 2. c4 e6 3. Nc3 Bb4 4. Nf3 c5 5. g3 cxd4 6. Nxd4 O-O 7. Bg2 d5 8.
cxd5 Nxd5 9. Qb3 Na6 10. O-O Nxc3 11. bxc3 Bc5 12. Nf3 Qe7 13. Rd1 Re8 14. Bf4
f6 15. e4 b6 16. e5 Bb7 17. h4 Qf7 18. Qa4 Rad8 19. Rxd8 Rxd8 20. Rd1 Rxd1+ 21.
Qxd1 Bf8 22. Qa4 Bc8 23. Qc6 Bb7 24. Qa4 Bc8 25. Qc6 1/2-1/2

[Event "EU-ch (Men) 11th"]
[Site "Rijeka"]
[Date "2010.03.09"]
[Round "4.106"]
[White "Golubovic, Boris"]
[Black "Jankovic, Alojzije"]
[Result "1/2-1/2"]
[WhiteElo "2392"]
[BlackElo "2569"]
[PlyCount "59"]
[EventDate "2010.03.06"]
[EventType "swiss"]
[EventRounds "11"]
[EventCountry "CRO"]
[SourceDate "2010.03.06"]

1. Nf3 Nf6 2. c4 e6 3. g3 d5 4. Bg2 dxc4 5. Qa4+ c6 6. Qxc4 b5 7. Qc2 Bb7 8.
O-O c5 9. a4 b4 10. b3 Nc6 11. Bb2 Rc8 12. Qd1 Be7 13. d3 O-O 14. Nbd2 Nd5 15.
Rc1 Bf6 16. Bxf6 Qxf6 17. Nb1 Nc3 18. Nxc3 bxc3 19. Ne1 Rb8 20. Bxc6 Bxc6 21.
Qc2 Bd5 22. Qxc3 Bxb3 23. Qxc5 Qb2 24. Nf3 Bxa4 25. Qxa7 Qxe2 26. Nd4 Qb2 27.
Nxe6 fxe6 28. Qxa4 Rxf2 29. Rxf2 Qxc1+ 30. Kg2 1/2-1/2

[Event "EU-ch (Men) 11th"]
[Site "Rijeka"]
[Date "2010.03.09"]
[Round "4.107"]
[White "Zaslavsky, Michael"]
[Black "Minasian, Artashes"]
[Result "0-1"]
[WhiteElo "2391"]
[BlackElo "2568"]
[PlyCount "130"]
[EventDate "2010.03.06"]
[EventType "swiss"]
[EventRounds "11"]
[EventCountry "CRO"]
[SourceDate "2010.03.06"]

1. e4 g6 2. d4 Bg7 3. Nc3 d6 4. f4 a6 5. Nf3 Nd7 6. Bd3 c5 7. Be3 cxd4 8. Bxd4
Bxd4 9. Nxd4 Ngf6 10. Qf3 e5 11. Nb3 exf4 12. Qxf4 Ne5 13. Be2 O-O 14. O-O-O
Be6 15. Rhf1 Ne8 16. Nd4 Qe7 17. Nf3 f6 18. Qd2 Rc8 19. Nd5 Bxd5 20. Qxd5+ Qf7
21. Nxe5 Qxd5 22. Rxd5 fxe5 23. Rdd1 Rxf1 24. Rxf1 Kg7 25. b4 Nf6 26. Bd3 h5
27. a4 h4 28. Kd2 d5 29. Re1 d4 30. h3 Nh5 31. a5 Nf4 32. Bf1 Rc3 33. Rb1 Ra3
34. Bc4 Rg3 35. Bf1 Nxg2 36. b5 Ne3 37. Be2 Rg2 38. bxa6 bxa6 39. Rb7+ Kh6 40.
Rc7 Rh2 41. Rc5 Rxh3 42. Bxa6 Rh1 43. Be2 h3 44. Rc8 Kg5 45. a6 Ra1 46. Rh8 Ra2
47. Rxh3 Rxc2+ 48. Ke1 Ra2 49. Rh7 Nc2+ 50. Kd1 Nb4 51. Bc4 Ra4 52. Re7 Nxa6
53. Bxa6 Rxa6 54. Rxe5+ Kf4 55. Re8 Ke3 56. Rh8 g5 57. Rh3+ Kxe4 58. Rg3 Kf4
59. Rd3 Ra4 60. Ke2 g4 61. Rb3 Ra2+ 62. Kf1 g3 63. Rb8 g2+ 64. Kg1 d3 65. Rf8+
Ke5 0-1

[Event "EU-ch (Men) 11th"]
[Site "Rijeka"]
[Date "2010.03.09"]
[Round "4.108"]
[White "Kanarek, Marcel"]
[Black "Nijboer, Friso"]
[Result "1-0"]
[WhiteElo "2388"]
[BlackElo "2562"]
[PlyCount "109"]
[EventDate "2010.03.06"]
[EventType "swiss"]
[EventRounds "11"]
[EventCountry "CRO"]
[SourceDate "2010.03.06"]

1. e4 c5 2. Nf3 Nc6 3. d4 cxd4 4. Nxd4 Nf6 5. Nc3 d6 6. Bg5 e6 7. Qd2 a6 8.
O-O-O Bd7 9. f3 Be7 10. h4 h6 11. Be3 h5 12. Bg5 Ne5 13. f4 Neg4 14. Qe1 Qc7
15. Be2 Ne3 16. Rd2 Nxg2 17. Qg3 Nxf4 18. Bxf4 e5 19. Qxg7 O-O-O 20. Nf5 Bxf5
21. exf5 Rh7 22. Qg3 exf4 23. Qxf4 d5 24. Qxc7+ Kxc7 25. Rhd1 Rg7 26. Bf3 d4
27. Rxd4 Rxd4 28. Rxd4 Rg3 29. Nd5+ Nxd5 30. Bxd5 Rh3 31. Bxb7 Bxh4 32. Bxa6
Bg5+ 33. Kd1 Rh1+ 34. Ke2 Rh2+ 35. Kd3 Rd2+ 36. Kc3 Rxd4 37. Kxd4 Bf6+ 38. Kc5
Bxb2 39. a4 h4 40. Bf1 Bc3 41. Bc4 f6 42. Bf1 Kb7 43. Kc4 Be1 44. Kb5 Bc3 45.
Bg2+ Ka7 46. Bh3 Kb7 47. Bf1 Kc7 48. Kc4 Be1 49. Kc5 Bf2+ 50. Kd5 Kb6 51. c4
Ka5 52. c5 h3 53. c6 Bg3 54. Ke6 Kxa4 55. Kd7 1-0

[Event "EU-ch (Men) 11th"]
[Site "Rijeka"]
[Date "2010.03.09"]
[Round "4.109"]
[White "Godena, Michele"]
[Black "Kargin, Arseny"]
[Result "1-0"]
[WhiteElo "2561"]
[BlackElo "2400"]
[PlyCount "79"]
[EventDate "2010.03.06"]
[EventType "swiss"]
[EventRounds "11"]
[EventCountry "CRO"]
[SourceDate "2010.03.06"]

1. e4 c5 2. c3 Nf6 3. e5 Nd5 4. Nf3 Nc6 5. Bc4 Nb6 6. Be2 d6 7. exd6 Qxd6 8.
Na3 e5 9. O-O Be7 10. d4 cxd4 11. Nb5 Qd8 12. cxd4 a6 13. d5 Nxd5 14. Qxd5 axb5
15. Qxd8+ Bxd8 16. Bxb5 f6 17. Be3 Be6 18. a4 Kf7 19. Rfc1 Na5 20. Nd2 Be7 21.
Bb6 Nb3 22. Nxb3 Bxb3 23. Rc3 Be6 24. Rc7 Rhc8 25. Rxb7 Bd5 26. Rd7 Bc6 27.
Bxc6 Rxc6 28. Be3 Rb8 29. a5 Rxb2 30. h3 Ke6 31. Ra7 Rcc2 32. a6 Ra2 33. Rxa2
Rxa2 34. Ra8 f5 35. a7 f4 36. Bb6 Kd7 37. Rb8 Kc6 38. f3 Bh4 39. Kh1 e4 40.
fxe4 1-0

[Event "EU-ch (Men) 11th"]
[Site "Rijeka"]
[Date "2010.03.09"]
[Round "4.110"]
[White "Medvegy, Zoltan"]
[Black "Bajarani, Ulvi"]
[Result "1-0"]
[WhiteElo "2556"]
[BlackElo "2395"]
[PlyCount "85"]
[EventDate "2010.03.06"]
[EventType "swiss"]
[EventRounds "11"]
[EventCountry "CRO"]
[SourceDate "2010.03.06"]

1. d4 d5 2. c4 c6 3. Nc3 Nf6 4. e3 e6 5. Nf3 Nbd7 6. Qc2 Bd6 7. b3 O-O 8. Be2
Qe7 9. O-O b6 10. Bb2 Bb7 11. Rfd1 Rad8 12. Bf1 c5 13. cxd5 exd5 14. g3 Rc8 15.
Rac1 Rfe8 16. Qb1 c4 17. bxc4 dxc4 18. d5 a6 19. a4 Ng4 20. Qf5 Ndf6 21. h3 g6
22. Qc2 Ne5 23. Nxe5 Bxe5 24. e4 Qc5 25. Kh2 g5 26. Qd2 g4 27. hxg4 Nxg4+ 28.
Kg2 Kh8 29. Na2 b5 30. axb5 axb5 31. Bd4 Bxd4 32. Qxd4+ Qxd4 33. Rxd4 f5 34.
Rb1 c3 35. Rxb5 Ba6 36. Rbb4 Bxf1+ 37. Kxf1 c2 38. Nc1 Ne5 39. d6 Red8 40. Rd5
Nc6 41. Rc4 fxe4 42. d7 Rc7 43. Rxc2 1-0

[Event "EU-ch (Men) 11th"]
[Site "Rijeka"]
[Date "2010.03.09"]
[Round "4.111"]
[White "Svetushkin, Dmitry"]
[Black "Manea, Alexandru"]
[Result "0-1"]
[WhiteElo "2554"]
[BlackElo "2392"]
[PlyCount "36"]
[EventDate "2010.03.06"]
[EventType "swiss"]
[EventRounds "11"]
[EventCountry "CRO"]
[SourceDate "2010.03.06"]

1. d4 d5 2. c4 c6 3. Nc3 Nf6 4. e3 a6 5. Nf3 b5 6. b3 Bg4 7. Bd2 Nbd7 8. h3
Bxf3 9. Qxf3 e6 10. Bd3 Be7 11. O-O O-O 12. Rfe1 Qb8 13. e4 b4 14. Na4 dxe4 15.
Bxe4 Nxe4 16. Qxe4 Qb7 17. Rad1 Bd6 18. Qf3 Rfe8 0-1